[Event "Titled Tuesday intern op 14th Feb Late"]
[Site "Chess.com INT"]
[Date "2023.02.14"]
[Round "2"]
[White "Yu, Yangyi"]
[Black "Gascon del Nogal, Jose Rafael"]
[Result "1-0"]
[WhiteElo "2729"]
[BlackElo "2460"]
[PlyCount "83"]
[EventDate "2023.02.14"]
[EventType "swiss (blitz)"]
[EventRounds "11"]
[EventCountry "USA"]
[SourceTitle "CBM 212 Extra"]
[Source "ChessBase"]
[SourceDate "2023.03.31"]
[SourceVersion "1"]
[SourceVersionDate "2023.03.31"]
[SourceQuality "1"]

1. Nf3 d5 2. g3 Nd7 3. d4 Nb6 4. Bg2 Bf5 5. Nh4 e6 6. Nxf5 exf5 7. b3 Nf6 8. c4 Bb4+ 9. Bd2 Bxd2+ 10. Qxd2 0-0 11. 0-0 c6 12. cxd5 Nbxd5 13. Nc3 Nxc3 14. Qxc3 Re8 15. e3 a5 16. Rfd1 Qd6 17. a3 h5 18. b4 axb4 19. Qxb4 Qxb4 20. axb4 Ne4 21. Bxe4 fxe4 22. b5 Rxa1 23. Rxa1 cxb5 24. Rb1 g6 25. Rxb5 Re7 26. h3 Kf8 27. g4 h4 28. f3 exf3 29. Kf2 Rc7 30. Kxf3 f6 31. g5 fxg5 32. Kg4 Re7 33. Rb3 Rd7 34. Kxg5 Kg7 35. Rb6 Rd5+ 36. Kxh4 Rd7 37. Kg5 Rd5+ 38. Kf4 Rd7 39. Rb4 Kh6 40. e4 Kh5 41. e5 Kh4 42. e6 1-0